Mort subite Les couples de fiction - Statistiques

Statistiques générales
  • Ce quiz a été pris 682 fois
  • Le résultat moyen est 4 sur 18
Answers on the Grid
Answers color-coded by a green-red scale on the quiz's grid according to % correct below.
Alexis Vronski & Anna Karénine
Babar & Céleste
Caliméro & Willy
Barbie & Tom
Boule & Bill
Chouchou & Doudou
Dana Scully & Fox Mulder
Brett Sinclair & Tony Wilde
Dupont & Dupont
Frédérique Houseman dite Bébé & Richard Castle
Hercule Poirot & le capitaine Hastings
Johan & Pirlouit
Laurel & Hardy
Merteuil & Grammont
Michel Tanguy & Ernest Laverdure
Nadia & Titeuf
Popeye & Priscilla
Rhett Butler & Scarlett O'Hara
Sancho Pança & Don Quichotte
Simba & Nadia
Titi & Tac
Teresa Lisbon & Patrick Jane
Ulysse & Hélène
Mandy & Peter Pan
Zig & Puce
Augustin Bouvet & Stanislas Lefort
Arthur & Zoé
C-3 PQ & R2-D2
Robin & Batman
Mario & Luigi
 
Statistiques - réponses
Réponse % Correct
Boule & Bill
56%
Nadia & Titeuf
54%
Robin & Batman
48%
Mario & Luigi
45%
Laurel & Hardy
37%
Babar & Céleste
22%
Sancho Pança & Don Quichotte
18%
Dana Scully & Fox Mulder
17%
Teresa Lisbon & Patrick Jane
12%
Hercule Poirot & le capitaine Hastings
10%
Johan & Pirlouit
9%
Rhett Butler & Scarlett O'Hara
9%
Augustin Bouvet & Stanislas Lefort
7%
Zig & Puce
7%
Alexis Vronski & Anna Karénine
6%
Michel Tanguy & Ernest Laverdure
6%
Simba & Nadia
6%
Arthur & Zoé
4%
Aucun quiz correspondant
Distribution des résultats
% des personnes avec chaque résultat
Percentile par nombre de réponses
Votre historique - résultats
Vous n’avez pas pris ce quiz